The Rule of the Friars Minor, 1209-2009 : (Record no. 117964)
[ view plain ]
| 000 -LEADER | |
|---|---|
| fixed length control field | 03549nam a22004331i 4500 |
| 001 - CONTROL NUMBER | |
| control field | ebr10756328 |
| 003 - CONTROL NUMBER IDENTIFIER | |
| control field | CaPaEBR |
| 006 - FIXED-LENGTH DATA ELEMENTS--ADDITIONAL MATERIAL CHARACTERISTICS--GENERAL INFORMATION | |
| fixed length control field | m o d |
| 007 - PHYSICAL DESCRIPTION FIXED FIELD--GENERAL INFORMATION | |
| fixed length control field | cr cn||||||||| |
| 008 - FIXED-LENGTH DATA ELEMENTS--GENERAL INFORMATION | |
| fixed length control field | 100414s2010 nyu ob 100 0 eng d |
| 020 ## - INTERNATIONAL STANDARD BOOK NUMBER | |
| Cancelled/invalid ISBN | 157659212X |
| Cancelled/invalid ISBN | 9781576592120 |
| International Standard Book Number | 9781576592441 (e-book) |
| 040 ## - CATALOGING SOURCE | |
| Original cataloging agency | CaPaEBR |
| Language of cataloging | eng |
| Description conventions | rda |
| -- | pn |
| Transcribing agency | CaPaEBR |
| 035 ## - SYSTEM CONTROL NUMBER | |
| System control number | (OCoLC)861528337 |
| 050 14 - LIBRARY OF CONGRESS CALL NUMBER | |
| Classification number | BX3603 |
| Item number | .R854 2010eb |
| 082 04 - DEWEY DECIMAL CLASSIFICATION NUMBER | |
| Classification number | 278.311 |
| Edition number | 23 |
| 245 04 - TITLE STATEMENT | |
| Title | The Rule of the Friars Minor, 1209-2009 : |
| Remainder of title | historical perspectives, lived realities / |
| Statement of responsibility, etc | series editor : Michael F. Cusato, O.F.M. ; volume editor : Daria Mitchell, O.S.F. |
| 264 #1 - PRODUCTION, PUBLICATION, DISTRIBUTION, MANUFACTURE, AND COPYRIGHT NOTICE | |
| Place of production, publication, distribution, manufacture | St. Bonaventure, New York : |
| Name of producer, publisher, distributor, manufacturer | Franciscan Institute Publications, St. Bonaventure University, |
| Date of production, publication, distribution, manufacture, or copyright notice | 2010. |
| 300 ## - PHYSICAL DESCRIPTION | |
| Extent | 1 online resource (188 pages) |
| 336 ## - CONTENT TYPE | |
| Content type term | text |
| Source | rdacontent |
| 337 ## - MEDIA TYPE | |
| Media type term | computer |
| Source | rdamedia |
| 338 ## - CARRIER TYPE | |
| Carrier type term | online resource |
| Source | rdacarrier |
| 440 #0 - SERIES STATEMENT/ADDED ENTRY--TITLE | |
| Title | Spirit and life (Saint Bonaventure, New York) ; |
| Volume number/sequential designation | v. 14 |
| 504 ## - BIBLIOGRAPHY, ETC. NOTE | |
| Bibliography, etc | Includes bibliographical references. |
| 505 00 - FORMATTED CONTENTS NOTE | |
| Title | Introduction / Michael F. Cusato, O.F.M. -- "Deservedly approved by the Roman Church" : the context for Papal recognition of Francis's forma vitae / Dominic Monti, O.F.M. -- Revising the earlier Rule : Carlo Paolazzi and the work of Kajetan Esser / William Short, O.F.M. -- The early Franciscans at work as a state-of-nature argument / David Flood, O.F.M. -- Alms-asking and alms-giving as social commentary and social remedy / Michael F. Cusato, O.F.M. -- Clare and the defense of Franciscan identity / Jean Fran�cois Godet-Calogeras -- Minorite life in the Regula Bullata : a comparison with the Regula non Bullata / Michael W. Blastic, O.F.M. -- The Rule and life / Pero Vrebac, O.F.M. -- Historical perspectives, lived experiences / Musi�e Ghebreghiorghis, O.F.M. Cap. -- The evolution of Franciscan life in Australia / Matthew Beckmann, O.F.M. -- The Later Rule of 1223 and Franciscan life in Germany and Central Europe / Benedikt Mertens, O.F.M. -- Lived realities in the Province of the Sacred Heart / Ralph Parthie, O.F.M. -- Beyond the letter of the Rule : the spirit of Francis alive in Asian realities / Balthazar Obico, O.F.M. -- Franciscan values in Latin America / Hugo Mejia, O.F.M. -- Practitioners of the Rule - India / Vincent Gabriel Furtado, O.F.M. Cap. -- Observing the Franciscan First Order Rule in the UK today / Philippe Yates, O.F.M. -- Concluding observations / Michael F. Cusato and Joseph P. Chinnici. |
| 588 ## - SOURCE OF DESCRIPTION NOTE | |
| Source of description note | Description based on print version record. |
| 590 ## - LOCAL NOTE (RLIN) | |
| Local note | Electronic reproduction. Palo Alto, Calif. : ebrary, 2013. Available via World Wide Web. Access may be limited to ebrary affiliated libraries. |
| 610 20 - SUBJECT ADDED ENTRY--CORPORATE NAME | |
| Corporate name or jurisdiction name as entry element | Franciscans |
| General subdivision | Rules |
| Form subdivision | Congresses. |
| Corporate name or jurisdiction name as entry element | Franciscans |
| General subdivision | History |
| Form subdivision | Congresses. |
| 650 #0 - SUBJECT ADDED ENTRY--TOPICAL TERM | |
| Topical term or geographic name as entry element | Monasticism and religious orders |
| General subdivision | Rules |
| Form subdivision | Congresses. |
| Topical term or geographic name as entry element | Monasticism and religious orders |
| General subdivision | History |
| Form subdivision | Congresses. |
| 655 #0 - INDEX TERM--GENRE/FORM | |
| Genre/form data or focus term | Electronic books. |
| 700 1# - ADDED ENTRY--PERSONAL NAME | |
| Personal name | Cusato, Michael F. |
| Personal name | Mitchell, Daria. |
| 776 08 - ADDITIONAL PHYSICAL FORM ENTRY | |
| Display text | Print version: |
| Title | Rule of the Friars Minor, 1209-2009 : historical perspectives, lived realities. |
| Place, publisher, and date of publication | St. Bonaventure, New York : Franciscan Institute Publications, St. Bonaventure University, 2010 |
| Physical description | [viii], 179 pages ; 23 cm. |
| Series data for related item | Spirit and Life (Saint Bonaventure, New York) ; 14. |
| International Standard Book Number | 9781576592120 |
| Record control number | (OCoLC)775945191 |
| -- | (DLC) 2010922383 |
| 797 2# - LOCAL ADDED ENTRY--CORPORATE NAME (RLIN) | |
| Corporate name or jurisdiction name as entry element | ebrary. |
| 856 40 - ELECTRONIC LOCATION AND ACCESS | |
| Uniform Resource Identifier | <a href="http://site.ebrary.com/lib/rucke/Doc?id=10756328">http://site.ebrary.com/lib/rucke/Doc?id=10756328</a> |
| Public note | An electronic book accessible through the World Wide Web; click to view |
No items available.
